| 000 | 00905 a2200265 4500 | ||
|---|---|---|---|
| 005 | 20260625102542.0 | ||
| 020 | _a0881672653 | ||
| 050 | 1 | 0 |
_aRC857.5 _bMAY 1987 |
| 100 | 1 |
_aMay, Gerald R. _eAuthor |
|
| 245 | 1 | 0 |
_aClinical imaging of the pancreas / _cGerald May, Richard Gardiner. |
| 264 |
_aNew York : _bRaven Press. _c1987. |
||
| 300 |
_axi, 180 pages : _billustrations ; |
||
| 336 |
_atext _btxt _2rdacontent |
||
| 337 |
_aunmediated _bn _2rdamedia |
||
| 338 |
_avolume _bnc _2rdacarrier |
||
| 440 | 0 | _aClinical imaging of the gastrointestinal tract | |
| 500 | _aIncludes index. | ||
| 504 | _aBibliography: pages 159-172. | ||
| 650 | 0 |
_aPancreas _xImaging. |
|
| 650 | 2 |
_aPancreatic Diseases _xradiology. |
|
| 650 | 2 | _aUltrasonic Diagnosis. | |
| 700 | 1 |
_aGardiner, Richard, _d1940- _eAuthor. |
|
| 942 |
_2lcc _cBK _h857.5 _iMAY _kRC |
||
| 999 |
_c12198 _d12198 |
||